[Event "SC Böblingen - TG Biberach"]
[Site "?"]
[Date "2023.10.15"]
[Round "2.1"]
[White "Sinz, Bernhard"]
[Black "Ortmann, David"]
[Result "1-0"]
[WhiteElo "2319"]
[BlackElo "2306"]
[PlyCount "149"]
[EventDate "2023.??.??"]

1. e4 e6 2. d4 d5 3. e5 c5 4. c3 Nc6 5. Nf3 Bd7 6. Be2 Nge7 7. O-O Ng6 8. g3 cxd4 9. cxd4 Be7 10. h4 O-O 11. h5 Nh8 12. Nc3 f6 13. a3 Nf7 14. Bf4 Rc8 15. Rc1 fxe5 16. dxe5 Be8 17. Qd2 h6 18. Nb5 Ng5 19. Bxg5 hxg5 20. Nfd4 Bd7 21. Bg4 Nxe5 22. Nxe6 Nf3+ 23. Bxf3 Bxe6 24. Rxc8 Bxc8 25. Qxd5+ Kh8 26. Qxd8 Rxd8 27. Nxa7 Bh3 28. Rd1 Rxd1+ 29. Bxd1 Bd7 30. Be2 Bf6 31. b3 Bb2 32. a4 Bd4 33. Nb5 Bxb5 34. Bxb5 Kg8 35. Kf1 Kf7 36. Ke2 Kf6 37. f3 Ke5 38. Bd3 Kd6 39. Be4 b6 40. Kd3 Bf2 41. g4 Kc5 42. Bh7 Kd5 43. Bg8+ Ke5 44. Kc4 Kd6 45. Kb5 Kc7 46. Bd5 Bg1 47. Be4 Be3 48. b4 Kd6 49. Ka6 Kc7 50. Kb5 Kd6 51. Bc2 Bg1 52. Bd3 Bf2 53. a5 bxa5 54. bxa5 Be3 55. a6 Bf2 56. Bf1 Be3 57. Kc4 Ke5 58. Bd3 Bf2 59. Kb5 Kd6 60. f4 gxf4 61. g5 Ke6 62. Kc6 Be3 63. Kb7 f3 64. a7 Bxa7 65. Kxa7 f2 66. Kb6 f1=Q 67. Bxf1 Kf5 68. g6 Kg5 69. Be2 Kf6 70. Kc6 Ke7 71. Bc4 Kf8 72. Kd6 Ke8 73. h6 Kf8 74. h7 Ke8 75. h8=Q# 1-0

[Event "SC Böblingen - TG Biberach"]
[Site "?"]
[Date "2023.10.15"]
[Round "2.2"]
[White "Tran, Thanh Kien"]
[Black "Oberst, Thomas"]
[Result "1-0"]
[WhiteElo "2150"]
[BlackElo "2247"]
[PlyCount "77"]
[EventDate "2023.??.??"]

1. d4 Nf6 2. c4 g6 3. Nc3 d5 4. cxd5 Nxd5 5. e4 Nxc3 6. bxc3 Bg7 7. Nf3 c5 8. Rb1 O-O 9. Be2 b6 10. O-O Bb7 11. Qd3 cxd4 12. cxd4 e6 13. Bg5 Qd7 14. Qe3 Nc6 15. Rfd1 Na5 16. Bb5 Qd6 17. Bf4 Qe7 18. Bg5 f6 19. Bf4 a6 20. Be2 b5 21. a4 bxa4 22. d5 e5 23. Qb6 Nb3 24. Be3 Rfb8 25. d6 Qd7 26. Bc4+ Kh8 27. Bxb3 Bxe4 28. Qc7 Bf5 29. Qxd7 Bxd7 30. Bd5 Rxb1 31. Rxb1 Rd8 32. h3 Bf8 33. Rb6 Bb5 34. Bc5 Kg7 35. Nd2 Kh6 36. Bb4 Rc8 37. Ne4 Rc1+ 38. Kh2 f5 39. Bd2+ 1-0

[Event "SC Böblingen - TG Biberach"]
[Site "?"]
[Date "2023.10.15"]
[Round "2.3"]
[White "Wunder, Niklas"]
[Black "Vujic, Branimir"]
[Result "0-1"]
[WhiteElo "2084"]
[BlackElo "2225"]
[PlyCount "100"]
[EventDate "2023.??.??"]

1. d4 d5 2. c4 e6 3. Nf3 Nf6 4. Nc3 Be7 5. Bf4 O-O 6. e3 Nbd7 7. c5 c6 8. Bd3 b6 9. b4 a5 10. a3 Ba6 11. O-O Bxd3 12. Qxd3 Nh5 13. h3 Nxf4 14. exf4 Qc7 15. Ne5 Nxe5 16. fxe5 f6 17. f4 fxe5 18. fxe5 Bg5 19. Rxf8+ Rxf8 20. bxa5 bxc5 21. Na4 cxd4 22. Nc5 Qxe5 23. a6 Ra8 24. Rb1 Qe3+ 25. Qxe3 Bxe3+ 26. Kf1 d3 27. Nxd3 Rxa6 28. Ke2 Bd4 29. Rc1 c5 30. Nxc5 Bxc5 31. Rxc5 Rxa3 32. Rc7 Kf8 33. Rd7 h5 34. Rc7 Rg3 35. Kf2 Rg6 36. Kf3 Rf6+ 37. Ke3 Rf7 38. Rc8+ Ke7 39. Rh8 Rf5 40. g4 hxg4 41. hxg4 Re5+ 42. Kf4 Re4+ 43. Kg5 d4 44. Ra8 d3 45. Ra7+ Kd6 46. Ra1 Ke5 47. Kh5 d2 48. Rd1 Rd4 49. g5 Ke4 50. Kg6 Rd7 0-1

[Event "SC Böblingen - TG Biberach"]
[Site "?"]
[Date "2023.10.15"]
[Round "2.4"]
[White "Schuh, Karsten"]
[Black "Sokratov, Stanislav"]
[Result "0-1"]
[WhiteElo "2134"]
[BlackElo "2174"]
[PlyCount "158"]
[EventDate "2023.??.??"]

1. Nf3 d5 2. c4 e6 3. g3 Nf6 4. Bg2 dxc4 5. O-O a6 6. a4 b6 7. Ne5 Ra7 8. Nxc4 Bb7 9. Nc3 Bxg2 10. Kxg2 c5 11. d3 Nc6 12. Bg5 Be7 13. Bxf6 Bxf6 14. Qb3 Rb7 15. e3 O-O 16. Rfd1 Qb8 17. Ne4 Be7 18. Ncd2 Rd8 19. Nf3 Ne5 20. Nxe5 Qxe5 21. f4 Qf5 22. Nf2 h5 23. Qc4 Qd5+ 24. Qxd5 Rxd5 25. Kf3 Bf6 26. Rd2 c4 27. d4 b5 28. axb5 axb5 29. Rc2 Rd8 30. b3 cxb3 31. Rb2 Rc8 32. Ra3 Rc3 33. Raxb3 Bxd4 34. Rxc3 Bxc3 35. Rb3 b4 36. Ne4 Bf6 37. h3 Be7 38. g4 hxg4+ 39. hxg4 g6 40. g5 Kf8 41. Ke2 Ke8 42. Kd3 Kd7 43. Nf2 Rc7 44. Ng4 Bd6 45. Nf6+ Kc6 46. Ne8 Rb7 47. Kc4 Bc5 48. Nf6 Ra7 49. Ng4 Bd6 50. Nh6 Rc7 51. Rd3 Kb6+ 52. Kb3 Bc5 53. e4 Kb5 54. Rd8 Be3 55. Rf8 Rc3+ 56. Kb2 Bxf4 57. Nxf7 Bc1+ 58. Kb1 Ka4 59. Nd8 Bxg5 60. Nxe6 Be3 61. Kb2 Rc6 62. Nf4 Bd4+ 63. Kb1 Kb3 64. Ne2 Bc3 65. Nc1+ Kc4 66. Rf4 Bd2 67. Rg4 Bxc1 68. Kxc1 Kd3+ 69. Kb2 Ke3 70. e5 Re6 71. Kb3 Kf3 72. Rg1 Kf4 73. Kxb4 Kxe5 74. Kc4 Kf4 75. Kd5 Ra6 76. Rf1+ Ke3 77. Rg1 Kf2 78. Rg4 Kf3 79. Rg1 g5 0-1

[Event "SC Böblingen - TG Biberach"]
[Site "?"]
[Date "2023.10.15"]
[Round "2.5"]
[White "Mack, Wolfgang"]
[Black "Schroeter, Samuel"]
[Result "0-1"]
[WhiteElo "2255"]
[BlackElo "2137"]
[PlyCount "66"]
[EventDate "2023.??.??"]

1. g3 c5 2. c4 Nc6 3. Bg2 g6 4. Nc3 Bg7 5. a3 Nf6 6. Rb1 a5 7. d3 d6 8. Nf3 Bg4 9. h3 Bd7 10. O-O Qc8 11. Kh2 Nd4 12. Nxd4 cxd4 13. Nb5 h5 14. e3 dxe3 15. Bxe3 Bc6 16. Nd4 Bxg2 17. Kxg2 O-O 18. Qe2 Nd7 19. b3 Nc5 20. g4 hxg4 21. hxg4 Nxd3 22. f4 e5 23. fxe5 dxe5 24. Nf5 gxf5 25. gxf5 Qc6+ 26. Kg3 Qe4 27. Rf3 f6 28. Rh1 Kf7 29. Rh7 Rg8 30. Qh2 Kf8 31. Qh5 Rc8 32. Kh3 Nf4+ 33. Bxf4 exf4 0-1

[Event "SC Böblingen - TG Biberach"]
[Site "?"]
[Date "2023.10.15"]
[Round "2.6"]
[White "Bauer, Peter"]
[Black "Wunder, Fabian"]
[Result "1-0"]
[WhiteElo "2184"]
[BlackElo "2062"]
[PlyCount "119"]
[EventDate "2023.??.??"]

1. e4 e5 2. Nf3 Nc6 3. d3 g6 4. g3 Bg7 5. Bg2 Nge7 6. O-O O-O 7. c3 d5 8. exd5 Nxd5 9. Qb3 Nb6 10. Qc2 Bf5 11. Rd1 a5 12. Qe2 Re8 13. Ng5 Qd7 14. Ne4 Rad8 15. Bg5 Bxe4 16. Bxe4 f6 17. Be3 Nd5 18. Na3 Nxe3 19. Qxe3 f5 20. Bf3 Qe6 21. Nb5 Rd7 22. Bg2 Ne7 23. Na3 Nd5 24. Qe2 Kh8 25. Nc4 a4 26. Re1 Rde7 27. Qc2 Qd7 28. a3 b5 29. Nd2 Nb6 30. Rad1 c6 31. Nf3 Qc7 32. Nd2 Rd8 33. Nf3 Rde8 34. Re2 Nd7 35. Rde1 Nb6 36. h4 h5 37. Qd2 Nd7 38. Ng5 Nf8 39. Qe3 Nh7 40. Nh3 Nf6 41. Qc5 e4 42. dxe4 Re5 43. Qb4 Nd5 44. exd5 Rxe2 45. Rxe2 Rxe2 46. dxc6 Re5 47. Nf4 Kh7 48. Nd3 Qe7 49. Nxe5 Qxb4 50. axb4 Bxe5 51. Bf1 Kg7 52. Bxb5 Kf7 53. Bxa4 Ke7 54. Kg2 f4 55. Kf3 fxg3 56. fxg3 Kd6 57. Bc2 g5 58. hxg5 Kxc6 59. g6 Kd5 60. Bb3+ 1-0

[Event "SC Böblingen - TG Biberach"]
[Site "?"]
[Date "2023.10.15"]
[Round "2.7"]
[White "Namyslo, Holger"]
[Black "Born, Mario"]
[Result "1/2-1/2"]
[WhiteElo "2154"]
[BlackElo "2151"]
[PlyCount "120"]
[EventDate "2023.??.??"]

1. e4 c6 2. d4 d5 3. e5 Bf5 4. Nf3 e6 5. Be2 Qb6 6. O-O Nd7 7. c4 Ne7 8. Nc3 dxc4 9. Bxc4 Nd5 10. Nh4 Nxc3 11. bxc3 Bg6 12. Nxg6 hxg6 13. a4 Be7 14. a5 Qc7 15. Bf4 Nf6 16. Qf3 Nd5 17. Bg3 O-O 18. h4 Qd8 19. h5 gxh5 20. Qxh5 g6 21. Qf3 Kg7 22. Rfb1 Rb8 23. Bf4 Rh8 24. g3 Rh5 25. Bd2 Bg5 26. Be1 Qc7 27. Bf1 Rhh8 28. Qg4 Rh5 29. c4 Ne7 30. Bc3 Nf5 31. Qe2 Rhh8 32. Rb3 Rhd8 33. Qg4 Be7 34. Bg2 Kg8 35. Rd1 Bf8 36. d5 cxd5 37. cxd5 Nh6 38. Qf4 exd5 39. Rxd5 Rxd5 40. Bxd5 Bg7 41. e6 Qxf4 42. gxf4 Bxc3 43. exf7+ Nxf7 44. Rxc3 Kf8 45. Rc7 Nd6 46. Rd7 Nc8 47. Bxb7 Ne7 48. a6 Ke8 49. Rc7 Kd8 50. Rc1 Kd7 51. Kg2 Rf8 52. Kg3 Rf6 53. Kg4 Rb6 54. Rd1+ Kc7 55. Rh1 Rb2 56. Rh7 Kd6 57. Rh8 Rxf2 58. Ra8 Rf1 59. Rxa7 Rg1+ 60. Kh3 g5 1/2-1/2

[Event "SC Böblingen - TG Biberach"]
[Site "?"]
[Date "2023.10.15"]
[Round "2.8"]
[White "Schulte, Torsten"]
[Black "Mock, Markus"]
[Result "1-0"]
[WhiteElo "1998"]
[BlackElo "1907"]
[PlyCount "35"]
[EventDate "2023.??.??"]

1. d4 d5 2. c4 e6 3. Nc3 Nf6 4. Bg5 dxc4 5. e3 c5 6. Bxc4 cxd4 7. exd4 h6 8. Bxf6 Qxf6 9. Nf3 Nc6 10. O-O Bb4 11. d5 Bxc3 12. dxc6 Bxb2 13. cxb7 Bxb7 14. Qa4+ Kd8 15. Rad1+ Kc7 16. Rd7+ Kc8 17. Ba6 Rb8 18. Qc6# 1-0

[Event "SF Pfullingen - SV Heilbronn 2"]
[Site "?"]
[Date "2023.10.15"]
[Round "2.1"]
[White "Schnepp, Gunnar"]
[Black "Braeuner, Uwe"]
[Result "1-0"]
[WhiteElo "2278"]
[BlackElo "2134"]
[PlyCount "43"]
[EventDate "2023.09.14"]
[EventType "team"]
[EventRounds "9"]
[SourceVersion "1"]
[SourceVersionDate "2022.03.28"]
[SourceQuality "1"]

1. d4 Nf6 2. c4 e6 3. Nf3 Bb4+ 4. Nbd2 d5 5. e3 Nc6 6. Bd3 O-O 7. O-O e5 8. Nxe5 Nxe5 9. dxe5 Ng4 10. Nf3 dxc4 11. Bxc4 Qe7 12. Qd4 Re8 13. Qf4 h6 14. e6 f5 15. h3 Nf6 16. Nd4 Bd6 17. Qxf5 a6 18. Qg6 Kh8 19. Bd2 c5 20. Nf5 Qf8 21. Bc3 Bxe6 22. Nxg7 1-0

[Event "SF Pfullingen - SV Heilbronn 2"]
[Site "?"]
[Date "2023.10.15"]
[Round "2.2"]
[White "Finke, Dominik"]
[Black "Ramirez Marin, Ivan"]
[Result "0-1"]
[WhiteElo "2066"]
[BlackElo "2231"]
[PlyCount "162"]
[EventDate "2023.09.14"]
[EventType "team"]
[EventRounds "9"]
[SourceVersion "1"]
[SourceVersionDate "2022.03.28"]
[SourceQuality "1"]

1. e4 c5 2. c3 Nf6 3. e5 Nd5 4. Nf3 Nc6 5. d4 cxd4 6. cxd4 d6 7. Bc4 Nb6 8. Bb5 dxe5 9. Nxe5 Bd7 10. Nxd7 Qxd7 11. Nc3 e6 12. O-O Rc8 13. Re1 Be7 14. Qg4 O-O 15. Bxc6 Rxc6 16. Bh6 Bf6 17. Rad1 Kh8 18. Ne4 Rg8 19. Nxf6 gxf6 20. Qh4 Rg6 21. Rd3 Qd5 22. Rg3 Qf5 23. Rxg6 fxg6 24. Qg3 Rc8 25. Qd6 g5 26. h4 gxh4 27. Qxe6 Qg6 28. Bd2 Rg8 29. Qe4 Qh5 30. Kh2 Nd5 31. Qf3 Qxf3 32. gxf3 Rc8 33. Rc1 Re8 34. Re1 Rxe1 35. Bxe1 Kg7 36. Kh3 Nf4+ 37. Kg4 h3 38. Kg3 Kg6 39. Bd2 Ne2+ 40. Kxh3 Nxd4 41. Be3 Nc6 42. Kg4 h5+ 43. Kh4 a6 44. Kg3 Nb4 45. a4 Nd3 46. b3 Ne5 47. b4 Kf5 48. Kh4 Kg6 49. Kg3 Kf5 50. Kh4 Nxf3+ 51. Kxh5 Ne5 52. Kh4 Ke4 53. Kg3 f5 54. b5 axb5 55. axb5 Nd3 56. Bb6 f4+ 57. Kg2 Ne5 58. Bc7 Nf3 59. b6 Ng5 60. Bd8 Nf3 61. Bc7 Nd2 62. Bd6 f3+ 63. Kg3 Nf1+ 64. Kg4 Ne3+ 65. Kh3 Kd3 66. Bc5 Nd5 67. Kg3 Ke2 68. Bd4 Nb4 69. Be3 Nc2 70. Bc5 Ne1 71. Bd4 Nd3 72. Be3 Nb2 73. Bd4 Nc4 74. Bc5 Nd2 75. Kf4 Nc4 76. Kg3 Ne5 77. Bd4 Nf7 78. Bc5 Ng5 79. Bd4 Ne4+ 80. Kf4 Nxf2 81. Bf6 Nd3+ 0-1

[Event "SF Pfullingen - SV Heilbronn 2"]
[Site "?"]
[Date "2023.10.15"]
[Round "2.3"]
[White "Mages, Steffen"]
[Black "Altenhof, Martin"]
[Result "0-1"]
[WhiteElo "2140"]
[BlackElo "2160"]
[PlyCount "124"]
[EventDate "2023.09.14"]
[EventType "team"]
[EventRounds "9"]
[SourceVersion "1"]
[SourceVersionDate "2022.03.28"]
[SourceQuality "1"]

1. d4 Nf6 2. c4 g6 3. Nc3 Bg7 4. e4 d6 5. Nge2 Nbd7 6. Ng3 e5 7. d5 a5 8. h4 h5 9. Be2 Nc5 10. Bg5 Bh6 11. Qd2 Bxg5 12. hxg5 Nh7 13. Nxh5 gxh5 14. Rxh5 Nd7 15. O-O-O Ndf8 16. g3 Rg8 17. f4 Bd7 18. Rdh1 Rg7 19. Qe3 Qe7 20. c5 f6 21. cxd6 cxd6 22. Qb6 fxg5 23. Qxb7 Rc8 24. Rh6 Nf6 25. fxg5 Rxg5 26. Bb5 Rc5 27. Qb8+ Kf7 28. Rf1 Rg6 29. Rxg6 Nxg6 30. Be2 Kg7 31. Kb1 Rxc3 32. bxc3 Nxe4 33. Bd3 Nd2+ 34. Kc2 Nxf1 35. Bxf1 Qf6 36. Qc7 Nf8 37. Bb5 Qf2+ 38. Kb3 Qc5 39. Qxc5 dxc5 40. Be2 e4 41. Kc4 Kf6 42. Kxc5 Ke5 43. c4 Nh7 44. Kb6 Kd4 45. c5 Kxd5 46. Kxa5 Kxc5 47. a3 Nf6 48. Ka6 Bg4 49. Bf1 Be6 50. Ka7 e3 51. Be2 Bc4 52. Bf3 Ne4 53. a4 Nxg3 54. a5 Be2 55. Bb7 Bg4 56. Ba6 Be6 57. Kb7 Nf5 58. Be2 Nd4 59. Bd1 Bd5+ 60. Kc7 Bf3 61. Bxf3 Nxf3 62. a6 Nd4 0-1

[Event "SF Pfullingen - SV Heilbronn 2"]
[Site "?"]
[Date "2023.10.15"]
[Round "2.4"]
[White "Schmidt, Olaf"]
[Black "Peng, Xiang-Tobias"]
[Result "0-1"]
[WhiteElo "2044"]
[BlackElo "2119"]
[PlyCount "80"]
[EventDate "2023.09.14"]
[EventType "team"]
[EventRounds "9"]
[SourceVersion "1"]
[SourceVersionDate "2022.03.28"]
[SourceQuality "1"]

1. e4 e5 2. Nf3 Nc6 3. d4 exd4 4. Nxd4 Nf6 5. Nc3 Bb4 6. Nxc6 bxc6 7. Bd3 d5 8. exd5 O-O 9. O-O cxd5 10. h3 h6 11. Qf3 Be6 12. Ne2 c5 13. c3 Ba5 14. Nf4 Bc7 15. Nh5 Nd7 16. Bf5 Qh4 17. Qg4 Qxg4 18. Bxg4 f5 19. Re1 Rae8 20. Bf3 Ne5 21. Nf4 Bf7 22. Be3 d4 23. cxd4 cxd4 24. Bd2 g5 25. Ne2 g4 26. Nxd4 gxf3 27. Bxh6 fxg2 28. Bxf8 Kxf8 29. f4 Bb6 30. fxe5 Bxd4+ 31. Kxg2 Bd5+ 32. Kf1 Bxb2 33. Rad1 Bxa2 34. Kf2 Bxe5 35. Kf3 a5 36. Rd2 Bb3 37. Rd3 a4 38. h4 Bc4 39. Rde3 Bd5+ 40. Ke2 a3 0-1

[Event "SF Pfullingen - SV Heilbronn 2"]
[Site "?"]
[Date "2023.10.15"]
[Round "2.5"]
[White "Dudek, Richard"]
[Black "Goldinger, Peter"]
[Result "1-0"]
[WhiteElo "2187"]
[BlackElo "2040"]
[PlyCount "77"]
[EventDate "2023.09.14"]
[EventType "team"]
[EventRounds "9"]
[SourceVersion "1"]
[SourceVersionDate "2022.03.28"]
[SourceQuality "1"]

1. e4 e6 2. d4 d5 3. Nd2 a6 4. Ngf3 Nf6 5. e5 Nfd7 6. Bd3 c5 7. c3 Nc6 8. O-O g5 9. b3 g4 10. Ne1 cxd4 11. cxd4 Nxd4 12. Qxg4 Nc6 13. f4 Qb6+ 14. Kh1 Qd4 15. Rb1 Ndxe5 16. Qe2 Nxd3 17. Nxd3 Qg7 18. Bb2 f6 19. Nf3 Be7 20. Ng5 Rg8 21. Rf2 Nd8 22. Re1 Bd7 23. Nf3 Qg4 24. Qe3 Rc8 25. h3 Qh5 26. f5 e5 27. Nfxe5 Bxf5 28. Ng6 Be4 29. Nxe7 Kxe7 30. Bxf6+ Kd7 31. Nf4 Qh6 32. Rd1 Rc6 33. Bxd8 Kxd8 34. Qxe4 Kc8 35. Qxd5 Qf8 36. Ne6 Qe8 37. Nd4 Rc7 38. Rc2 Qg6 39. Ne6 1-0

[Event "SF Pfullingen - SV Heilbronn 2"]
[Site "?"]
[Date "2023.10.15"]
[Round "2.6"]
[White "Guess, Cornel-Andreas"]
[Black "Ensslinger, Colin"]
[Result "1/2-1/2"]
[WhiteElo "1862"]
[BlackElo "1999"]
[PlyCount "80"]
[EventDate "2023.09.14"]
[EventType "team"]
[EventRounds "9"]
[SourceVersion "1"]
[SourceVersionDate "2022.03.28"]
[SourceQuality "1"]

1. d4 Nf6 2. c4 e6 3. Nc3 Bb4 4. f3 c5 5. d5 d6 6. e4 b5 7. cxb5 exd5 8. exd5 O-O 9. Bd3 Bb7 10. Nge2 Bxd5 11. O-O Be6 12. Bg5 d5 13. Nf4 Bxc3 14. bxc3 c4 15. Bxf6 Qxf6 16. Nxd5 Bxd5 17. Bxh7+ Kxh7 18. Qxd5 Nd7 19. Qxd7 Qxc3 20. Rac1 Qe3+ 21. Kh1 Rad8 22. Qg4 Rd4 23. Qh5+ Kg8 24. Qc5 Qd3 25. h3 Rfd8 26. a4 Qe2 27. Kh2 R8d5 28. Qc8+ Kh7 29. Rg1 Rg5 30. Qc6 Rg6 31. Rce1 Qf2 32. Qc5 Qg3+ 33. Kh1 Rh4 34. Qf5 Qf2 35. Re4 Rxe4 36. fxe4 Qd2 37. h4 Kg8 38. Qc8+ Kh7 39. Qf5 Kg8 40. Qc8+ Kh7 1/2-1/2

[Event "SF Pfullingen - SV Heilbronn 2"]
[Site "?"]
[Date "2023.10.15"]
[Round "2.7"]
[White "Geshnizjani, Ramin"]
[Black "Einwiller, Bernd"]
[Result "1-0"]
[WhiteElo "2141"]
[BlackElo "2140"]
[PlyCount "99"]
[EventDate "2023.09.14"]
[EventType "team"]
[EventRounds "9"]
[SourceVersion "1"]
[SourceVersionDate "2022.03.28"]
[SourceQuality "1"]

1. e4 c5 2. c3 Nf6 3. e5 Nd5 4. Nf3 e6 5. Bc4 b6 6. Bxd5 exd5 7. d4 d6 8. O-O Be7 9. Re1 O-O 10. Bf4 Nc6 11. Na3 dxe5 12. Nxe5 Nxe5 13. Bxe5 a6 14. Nc2 Be6 15. Qf3 Qd7 16. Qg3 f6 17. Bf4 Rfe8 18. h4 Rad8 19. Bc7 Bd6 20. Bxd6 Qxd6 21. Qxd6 Rxd6 22. f3 Kf7 23. Kf2 Bd7 24. Rxe8 Bxe8 25. Re1 Bd7 26. Ke2 a5 27. Ne3 g6 28. g3 h5 29. Kd2 Be6 30. Ng2 g5 31. Rh1 Kg6 32. Ne3 cxd4 33. cxd4 Rc6 34. g4 gxh4 35. Rxh4 hxg4 36. fxg4 Kg5 37. Rh5+ Kf4 38. Nxd5+ Bxd5 39. Rxd5 Kxg4 40. Rd8 f5 41. d5 Rc5 42. d6 Kf3 43. Kd3 f4 44. d7 Rc1 45. Kd4 Kf2 46. Ke5 f3 47. Rc8 Rd1 48. d8=Q Rxd8 49. Rxd8 Ke2 50. Kd5 1-0

[Event "SF Pfullingen - SV Heilbronn 2"]
[Site "?"]
[Date "2023.10.15"]
[Round "2.8"]
[White "Einwiller, Dieter"]
[Black "Schaefer, Daniel"]
[Result "1/2-1/2"]
[WhiteElo "1976"]
[BlackElo "1874"]
[PlyCount "180"]
[EventDate "2023.??.??"]

1. d4 d5 2. Nf3 c6 3. c3 Nf6 4. Qc2 Ne4 5. Ng5 Bf5 6. Nxe4 Bxe4 7. Qb3 Qc7 8. Nd2 Bg6 9. g3 e6 10. Bg2 Nd7 11. O-O Be7 12. e4 dxe4 13. Nxe4 O-O 14. Bf4 Qb6 15. Nd6 Qxb3 16. axb3 Bxd6 17. Bxd6 Rfd8 18. b4 Nf6 19. Be7 Rd7 20. Bxf6 gxf6 21. Rfd1 Bc2 22. Rd2 Bb3 23. Ra3 Bd5 24. Bf1 a6 25. b5 cxb5 26. Bxb5 Rc7 27. Bf1 Rd8 28. f4 Bc4 29. Bg2 Bd5 30. Ra5 Bxg2 31. Kxg2 Rcd7 32. Kf3 Rd5 33. Rxd5 Rxd5 34. c4 Rd6 35. c5 Rd5 36. Ke4 f5+ 37. Ke3 Kf8 38. Rd3 Ke7 39. Rb3 Rd7 40. Rb6 Kd8 41. Kd3 Kc7 42. Kc4 Rd8 43. Rb3 Kc6 44. Rb6+ Kc7 45. g4 fxg4 46. f5 Re8 47. Kd3 e5 48. Rf6 exd4 49. Rxf7+ Kc6 50. Kxd4 h5 51. Rf6+ Kd7 52. Rh6 Re2 53. Rxh5 Rxb2 54. Rh7+ Kc6 55. Rh6+ Kd7 56. Kd5 Ke7 57. Ke5 Re2+ 58. Kf4 Rc2 59. Rb6 Rxc5 60. Rxb7+ Kf6 61. Rb6+ Kg7 62. Rxa6 Rc2 63. Kg3 Kf7 64. Rh6 Rc4 65. Rg6 Rc5 66. Kxg4 Rc2 67. Rh6 Rg2+ 68. Kf3 Rg1 69. h4 Rf1+ 70. Kg4 Rg1+ 71. Kh5 Rf1 72. Rh7+ Kf6 73. Kh6 Rxf5 74. Ra7 Rf4 75. h5 Rg4 76. Kh7 Rb4 77. h6 Rg4 78. Rg7 Ra4 79. Rg1 Ra7+ 80. Kh8 Ra8+ 81. Rg8 Ra7 82. Rb8 Kf7 83. Rg8 Ra2 84. Rg1 Rf2 85. h7 Rf3 86. Ra1 Rf2 87. Ra8 Rf3 88. Rg8 Rf2 89. Rg7+ Kf8 90. Ra7 Rf3 1/2-1/2

[Event "SF Deizisau 2 - Stuttgarter SF"]
[Site "?"]
[Date "2023.10.15"]
[Round "2.1"]
[White "Kvetny, Mark"]
[Black "Koellner, Ruben Gideon"]
[Result "1/2-1/2"]
[WhiteElo "2411"]
[BlackElo "2483"]
[PlyCount "60"]
[EventDate "2023.??.??"]

1. Nf3 Nf6 2. g3 b5 3. Bg2 Bb7 4. d3 e6 5. O-O Be7 6. c4 bxc4 7. dxc4 c5 8. Nc3 Ne4 9. Nxe4 Bxe4 10. Bf4 Qb6 11. Qd2 Nc6 12. Ne5 Nxe5 13. Bxe5 Bxg2 14. Kxg2 Qc6+ 15. f3 f6 16. Bc3 h5 17. Qd3 Kf7 18. Rad1 d6 19. h4 a5 20. e4 Rhg8 21. f4 g6 22. Qf3 a4 23. e5 Qxf3+ 24. Kxf3 dxe5 25. fxe5 f5 26. Rd7 Rgd8 27. Rfd1 Ke8 28. Rxd8+ Rxd8 29. Rxd8+ Bxd8 30. Bd2 Be7 1/2-1/2

[Event "SF Deizisau 2 - Stuttgarter SF"]
[Site "?"]
[Date "2023.10.15"]
[Round "2.2"]
[White "Bronznik, Valerij"]
[Black "Neyman, Igor"]
[Result "0-1"]
[WhiteElo "2270"]
[BlackElo "2324"]
[PlyCount "110"]
[EventDate "2023.??.??"]

1. d4 d5 2. c4 e6 3. Nc3 c6 4. e4 dxe4 5. Nxe4 Bb4+ 6. Bd2 Qxd4 7. Bxb4 Qxe4+ 8. Ne2 Na6 9. Bf8 Ne7 10. Bxg7 Rg8 11. Bc3 c5 12. Qb1 Qxb1+ 13. Rxb1 Nb4 14. Bxb4 cxb4 15. Ng3 f5 16. f4 Bd7 17. Be2 Bc6 18. O-O Rd8 19. Bf3 Rd4 20. b3 Bxf3 21. Rxf3 Kf7 22. Rb2 Rgd8 23. Nf1 Ng8 24. Rff2 Nf6 25. Rfd2 Ne4 26. Rxd4 Rxd4 27. g3 Rd3 28. Kg2 Ke7 29. Re2 Kd6 30. Re3 Rxe3 31. Nxe3 Nc3 32. Kf3 Nxa2 33. Nc2 Nc1 34. Nd4 Nd3 35. Nb5+ Kd7 36. Ke3 Nc5 37. Nd4 a5 38. Kd2 Ke7 39. Kc2 Kf6 40. Nf3 Kg6 41. Ne5+ Kf6 42. Kb2 Ke7 43. Kc2 Nd7 44. Nf3 Kf6 45. Kd2 e5 46. fxe5+ Nxe5 47. Nd4 Kg5 48. h3 Nd7 49. Nf3+ Kf6 50. Ke3 Nc5 51. Nd4 Ne6 52. Nf3 Nc5 53. Nd4 b6 54. Kd2 Ne4+ 55. Ke3 Nxg3 0-1

[Event "SF Deizisau 2 - Stuttgarter SF"]
[Site "?"]
[Date "2023.10.15"]
[Round "2.3"]
[White "Brueckner, Thomas"]
[Black "Ruf, Matthias"]
[Result "1/2-1/2"]
[WhiteElo "2341"]
[BlackElo "2305"]
[PlyCount "108"]
[EventDate "2023.??.??"]

1. d4 Nf6 2. Bf4 e6 3. e3 b6 4. Nd2 Bb7 5. Ngf3 Be7 6. h3 a6 7. Bd3 c5 8. c3 Nc6 9. a4 d5 10. Qe2 O-O 11. Ne5 Ne4 12. Nxc6 Bxc6 13. Nxe4 dxe4 14. Bc2 b5 15. O-O c4 16. b4 Bd6 17. axb5 axb5 18. Rxa8 Bxa8 19. Qg4 f5 20. Qg3 Bxf4 21. Qxf4 Qb8 22. Ra1 Bd5 23. Qxb8 Rxb8 24. h4 Ra8 25. Rxa8+ Bxa8 26. Kh2 h6 27. h5 Kf7 28. Kg3 Kf6 29. Kf4 Bc6 30. Bd1 Be8 31. Be2 Bf7 32. Bd1 Be8 33. Be2 Bf7 34. g4 Be8 35. Bf1 Bd7 36. Bh3 Bc8 37. gxf5 exf5 38. Bg2 Bd7 39. Bh3 Be6 40. d5 Bd7 41. f3 exf3 42. e4 f2 43. e5+ Ke7 44. Kf3 f4 45. Bg2 Be8 46. Kxf4 Bxh5 47. Ke3 Bg4 48. Kxf2 g5 49. Kg3 h5 50. Bf3 Bxf3 51. Kxf3 h4 52. Kg4 Kf7 53. Kh3 Ke7 54. Kg4 Kf7 1/2-1/2

[Event "SF Deizisau 2 - Stuttgarter SF"]
[Site "?"]
[Date "2023.10.15"]
[Round "2.4"]
[White "Koellner, Aaron Noah"]
[Black "Strunski, Andreas"]
[Result "0-1"]
[WhiteElo "2201"]
[BlackElo "2302"]
[PlyCount "120"]
[EventDate "2023.??.??"]

1. d4 d5 2. c4 c6 3. cxd5 cxd5 4. Nc3 Nf6 5. f3 Nc6 6. e4 dxe4 7. d5 Ne5 8. fxe4 a6 9. Qa4+ Nfd7 10. Bf4 Ng6 11. Be3 Rb8 12. Nf3 b5 13. Bxb5 axb5 14. Nxb5 e5 15. dxe6 fxe6 16. Rc1 Rxb5 17. Qxb5 Be7 18. Bb6 Qxb6 19. Rxc8+ Bd8 20. Qxb6 Nxb6 21. Rc6 Kd7 22. Rc2 Ke7 23. O-O Nd7 24. b4 Bb6+ 25. Kh1 Ra8 26. Ra1 Ra4 27. a3 Nf4 28. g3 Nd3 29. Raa2 Nf6 30. Ng5 Ne5 31. Rc8 h6 32. Nh3 Kd7 33. Rc1 g5 34. Kg2 Neg4 35. Rd2+ Ke7 36. Rc6 Ne3+ 37. Kh1 Nxe4 38. Rd3 Nd5 39. Rxd5 exd5 40. Rxb6 d4 41. Kg2 Rxa3 42. Rb5 Ke6 43. Ra5 Rc3 44. Ra1 Kd5 45. Ra5+ Kc4 46. Re5 Re3 47. Re8 d3 48. Nf2 Nxf2 49. Rc8+ Kxb4 50. Kxf2 Re2+ 51. Kf3 Rxh2 52. Ke3 d2 53. Rd8 Kc3 54. Kf3 h5 55. Rc8+ Kb2 56. Rb8+ Kc2 57. Rc8+ Kd1 58. Ra8 g4+ 59. Kf4 Ke1 60. Re8+ Re2 0-1

[Event "SF Deizisau 2 - Stuttgarter SF"]
[Site "?"]
[Date "2023.10.15"]
[Round "2.5"]
[White "Hofmann, Martin"]
[Black "Gustain, Marc"]
[Result "1/2-1/2"]
[WhiteElo "2219"]
[BlackElo "2101"]
[PlyCount "46"]
[EventDate "2023.??.??"]

1. c4 e5 2. Nc3 Nc6 3. g3 Bc5 4. Bg2 a6 5. e3 Ba7 6. Nge2 d6 7. d4 exd4 8. exd4 Nge7 9. O-O O-O 10. b3 Nf5 11. d5 Ncd4 12. Bb2 Nxe2+ 13. Nxe2 Bd7 14. Re1 Re8 15. Qd2 b5 16. Rac1 bxc4 17. bxc4 Rb8 18. Ba1 Bc5 19. Nd4 Rxe1+ 20. Rxe1 Nxd4 21. Bxd4 Bb4 22. Bc3 Bxc3 23. Qxc3 Qf6 1/2-1/2

[Event "SF Deizisau 2 - Stuttgarter SF"]
[Site "?"]
[Date "2023.10.15"]
[Round "2.6"]
[White "Rempeli, Alex"]
[Black "Fritsch, Rolf"]
[Result "0-1"]
[WhiteElo "2096"]
[BlackElo "2188"]
[PlyCount "84"]
[EventDate "2023.??.??"]

1. d4 g6 2. Nf3 Bg7 3. e3 f5 4. c4 Nf6 5. Nc3 O-O 6. Be2 d6 7. O-O c6 8. b4 Qc7 9. Qb3 Kh8 10. c5 Ne4 11. Bb2 d5 12. Rad1 Nd7 13. a4 b6 14. cxb6 axb6 15. b5 Nxc3 16. Bxc3 Bb7 17. bxc6 Bxc6 18. Ra1 Bf6 19. Rfc1 Rfc8 20. g3 Kg7 21. h4 e6 22. Bb4 Qa7 23. Bd1 h6 24. Bd6 Qa6 25. Qb4 Qa5 26. Qb2 g5 27. Rc3 g4 28. Bb4 Qa6 29. Rac1 Bxa4 30. Bxa4 Rxc3 31. Qxc3 Qxa4 32. Ne5 Bxe5 33. dxe5 Ra7 34. Be7 Kf7 35. Bf6 Nc5 36. Rb1 Ra6 37. Bd8 Qa2 38. Qb4 Qe2 39. Bxb6 Nd3 40. Qd6 Qxf2+ 41. Kh1 Qf3+ 42. Kg1 Qxg3+ 0-1